1876 1259 1675 1088 1411 1262 1673 1439 1279 1123 1233 1343 1660 1430 1215 1965 1931 1532 1332 1088 1995 1083 1560 1015 1967 1243 1151 1352 1801 1377 1858 1106 1565 1394 1260 1640 1834 1922 1245 1232 1076 1412 1061 1039 1547 1878 1757 1193 1624 1218 1070 1138 1581 1297 1996 1037 1004 1299 1213 1928 1755 1164 1791 1833 1945 1299 1909 1919 1496 1315 1745 1564 1801 1815 1202 1774 1549 1467 1295 1755 1350 1255 1490 1748 1389 1478 1416 1883 1906 1231 1440 1064 1943 1328 1831 1478 1135 1439 1908 BCNSPRNW ULIB Ver.6.0+V

เปลี่ยนเป็นภาษาไทย

Change to English
 แสดงรายละเอียดบรรณานุกรม
  กลับหน้าหลัก

Brief Record : Get Marc (ISO 2709) : E-mail record : QR code < ปิดหน้าต่าง
LEADER : 00000nam 2200000uu 4500
001    13399113557
003     ULIB
008    111128s2550||||th 000 0 tha d
020    ^a9789747503364
090    ^aนว.^bม979ภ 2550
100 0  ^aMimoza
245 00 ^aภารกิจรักพิทักษ์หัวใจนายยอมบู๊
250    ^aพิมพ์ครั้งที่ 1
260    ^aกรุงเทพฯ :^bแจ่มใส,^c2550
300    ^a262 หน้า
710 1  ^aแจ่มใส
945    ^p189^l0^i14453
995    ^aกัณชพร
999    ^aใช้งานได้ทุกระบบ
รายการนี้ยังไม่มีแท็ก
คุณยังไม่ได้ล็อกอิน คุณสามารถมีกิจกรรมร่วมกับเว็บไซต์ได้ แต่ต้องล็อกอินก่อน ::
  ล็อกอิน

รายการสื่อสารสนเทศ

ลำดับที่ ประเภท เลขเรียก/บาร์โค้ด สถานที่ สถานะ
1. นวนิยาย
นวนิยาย
นว. ม979ภ 2550  
  Barcode: 14453
ห้องสมุดวิทยาเขตสวรรค์ประชารักษ์
►นวนิยาย
บนชั้น
  ขอยืม

BibComment


ยังไม่เคยถูกคอมเมนท์

คอมเมนท์ทรัพยากรรายการนี้
  คอมเมนท์: ภารกิจรักพิทักษ์..


 Copyright 2026. Bcnsprnw @Library